Determinants of Subjective and Objective Financial Wellbeing: An Empirical Analysis

Hlavným cieľom práce bolo zistiť, či sú faktory ovplyvňujúce subjektívnu a objektívnu finančnú prosperitu rovnaké alebo odlišné, s využitím údajov zo slovenských domácností. Štúdia bola motivovaná myšlienkou, že pocity ľudí ohľadom ich financií často nezodpovedajú ich skutočnej finančnej situácii a...

ver descrição completa

Na minha lista:
Detalhes bibliográficos
Autor principal: Ilenčíková, Katarína, 1999-
Formato: Capítulo de Livro
Idioma:inglês
Assuntos:
Tags: Adicionar Tag
Sem tags, seja o primeiro a adicionar uma tag!

MARC

LEADER 00000naa$a2200000$$$4500
001 0313698
005 20251218074024.7
041 0 |a eng 
044 |a CZ 
245 1 0 |a Determinants of Subjective and Objective Financial Wellbeing: An Empirical Analysis  |c Katarína Ilenčíková 
520 |a Hlavným cieľom práce bolo zistiť, či sú faktory ovplyvňujúce subjektívnu a objektívnu finančnú prosperitu rovnaké alebo odlišné, s využitím údajov zo slovenských domácností. Štúdia bola motivovaná myšlienkou, že pocity ľudí ohľadom ich financií často nezodpovedajú ich skutočnej finančnej situácii a pochopenie tohto rozdielu je dôležité pre výskumníkov aj tvorcov politík. 
610 2 0 |a blahobyt 
610 2 0 |a podmienky životné 
610 2 0 |a príjmy domácností 
610 2 0 |a spotreba domácností 
610 2 0 |a úspory finančné 
610 2 0 |a prosperita ekonomická 
610 2 0 |a analýza empirická 
100 1 |a Ilenčíková, Katarína, 1999-